000
00300nam a2200109Ia 4500
008
220204s9999 xx 000 0 und d
082
_a
678:541.6
_b
HIG.17
100
_a
Volkenstein, M V
245
0
_a
Configurational statistics of polymeric chains
260
_a
New York
_b
John Wiley
_c
1963
942
_c
BK
999
_c
20484
_d
20484